Central Library OPAC University of Rajshahi

Security in the Middle East : (Record no. 41955)

MARC details
000 -LEADER
fixed length control field 01302nam a2200313 a 4500
001 - CONTROL NUMBER
control field 41955
003 - CONTROL NUMBER IDENTIFIER
rucl marc code BD-RjUL
005 - DATE AND TIME OF LATEST TRANSACTION
control field 20211209053456.0
008 - FIXED-LENGTH DATA ELEMENTS--GENERAL INFORMATION
fixed length control field 160608s1987 enk b 001 0 eng
020 ## - INTERNATIONAL STANDARD BOOK NUMBER
International Standard Book Number 0813301211 (alk. paper)
Terms of availability : $37.50
International Standard Book Number 081330122X (pbk. : alk. paper)
Terms of availability : $15.95
035 ## - SYSTEM CONTROL NUMBER
System control number (BD-RjUL)42073
040 ## - CATALOGING SOURCE
Modifying agency BD-RjUL
Language of cataloging eng
Original cataloging agency BD-RjUL
Transcribing agency BD-RjUL
041 ## - LANGUAGE CODE
Language code of text/sound track or separate title eng
082 00 - DEWEY DECIMAL CLASSIFICATION NUMBER
Classification number 327.0956
Edition number 19
Author mark and year SEC 1987
245 00 - TITLE STATEMENT
Title Security in the Middle East :
Remainder of title regional change and great power strategies /
Statement of responsibility, etc. edited by Samuel F. Wells, Jr. and Mark A. Bruzonsky.
260 ## - PUBLICATION, DISTRIBUTION, ETC. (IMPRINT)
Place of publication, distribution, etc. Boulder, Colo. :
Name of publisher, distributor, etc. Westview Press,
Date of publication, distribution, etc. 1987.
300 ## - PHYSICAL DESCRIPTION
Pagination x, 366 p. ;
Size 24 cm.
500 ## - GENERAL NOTE
General note Papers from Core Seminar meetings sponsored by the International Security Studies Program of the Woodrow Wilson International Center for Scholars, 1981-1983.
General note "A Wilson Center book"--Jacket.
General note Includes index.
504 ## - BIBLIOGRAPHY, ETC. NOTE
Bibliography, etc Bibliography: p. 347-349.
651 #0 - SUBJECT ADDED ENTRY--GEOGRAPHIC NAME
Geographic name Middle East
General subdivision Politics and government
Chronological subdivision 1945-
9 (RLIN) 127303
Geographic name Middle East
General subdivision Strategic aspects.
9 (RLIN) 128961
700 1# - ADDED ENTRY--PERSONAL NAME
Personal name Wells, Samuel F.
Personal name Bruzonsky, Mark A.
710 2# - ADDED ENTRY--CORPORATE NAME
Corporate name or jurisdiction name as entry element Woodrow Wilson International Center for Scholars.
Subordinate unit International Security Studies Program.
9 (RLIN) 128964
942 ## - ADDED ENTRY ELEMENTS (KOHA)
Source of classification or shelving scheme Dewey Decimal Classification
Koha item type Books
Holdings
Lost status Source of classification or shelving scheme Damaged status Not for loan Collection code Permanent Location Current Location Shelving location Date acquired Source of acquisition Total Checkouts Full call number Date last seen Copy number Koha item type
  Dewey Decimal Classification   Not For Loan Non-fiction Central Library, University of Rajshahi Central Library, University of Rajshahi   24/08/1991 Asia foundation   327.0956 SEC 1987 08/06/2016 C-2 Books